00378nam a2200121Ia 4500008004100000245006800041260004500109260000900154300000800163500001000171650001300181856006200194170516s9999 xx 000 0 und d aApplication of cationic liposomes for delivery of nucleic acids bAsian Journal of Pharmaceutical Sciences c2013 a8:2 aApril xPharmacy uhttp://www.sciencedirect.com/science/journal/18180876/8/2